Tilastot visalle Maailman vilkkaimmat lentokentät

Klikkaa tästä pelataksesi tätä visaa!

Yleistilastot

  • Tätä visaa on pelattu 739 kertaa
  • Keskiarvotulos 37 / 50

Vastaustilastot

#Kaupunki% Oikein
61,6 mNew York (JFK)
96%
46,0 mNew York (Newark)
96%
80,1 mLontoo (Heathrow)
95%
72,2 mPariisi
95%
87,5 mTokio (Haneda)
92%
42,6 mTokio (Narita)
92%
87,5 mLos Angeles
91%
45,8 mMoskova
90%
101 mPeking
90%
57,9 mMadrid
87%
43,0 mRooma
84%
43,6 mShanghai (Hongqiaozhen)
84%
74,0 mShanghai (Pudong)
84%
69,9 mDelhi
83%
65,6 mSingapore
81%
44,5 mSydney
81%
83,3 mChicago
80%
71,0 mAmsterdam
79%
63,4 mBangkok
79%
69,5 mFrankfurt
79%
68,2 mIstanbul
77%
89,1 mDubai
76%
74,5 mHong Kong
76%
50,1 mBarcelona
75%
66,9 mJakarta
75%
45,0 mMiami
75%
68,4 mSoul
75%
49,5 mToronto
74%
57,7 mSan Francisco
73%
107 mAtlanta
72%
49,9 mMumbai
72%
44,5 mManila
70%
46,3 mMünchen
69%
69,1 mDallas
68%
60,6 mKuala Lumpur
67%
43,8 mHouston
65%
49,9 mLas Vegas
64%
49,8 mSeattle
64%
47,7 mMexico City
61%
46,6 mTaipei
61%
64,5 mDenver
58%
69,8 mGuangzhou
56%
53,0 mChengdu
55%
44,9 mPhoenix
55%
44,7 mXi'an
55%
47,2 mKumming
53%
47,7 mOrlando
53%
46,4 mCharlotte
52%
49,3 mShenzen
52%
46,4 mLondon (Gatwick)
51%

Tulosjakauma

Persentiili vastausten määrän mukaan

Jokaisen tuloksen saaneiden osuus

Tuloshistoriasi

Et ole pelannut tätä visaa